00389nam a2200109Ia 4500008004100000082000800041100002200049245009200071942000600163952009500169999001500264240331s9999 xx 000 0 und d bANN aKumaraswamy,R. ed 3aAn annotated bibliography on violence against women in South Asia actions and responses cL 001040708LaWERCLbWERCLcSSCd2024-03-31l0o 362 ANNp5669r2024-03-31w2024-03-31yL c2907d2907